Diáspora Galega - Statistics

General Stats
  • This quiz has been taken 8 times
  • The average score is 16 of 23
Answer Stats
Galegos País % Correct
38500 Brasil
100%
1100 Colombia
100%
3400 Portugal
100%
47000 Venezuela
100%
3600 Chile
88%
16000 Francia
88%
1200 Italia
88%
9900 México
88%
10700 Reino Unido
88%
2000 Canadá
75%
31000 Cuba
75%
14100 Estados Unidos
75%
2600 Países Baixos
75%
3200 Panamá
75%
30700 Suíza
63%
35400 Uruguai
63%
1600 Australia
50%
1200 Perú
50%
2000 República Dominicana
50%
147000 Arxentina
38%
13300 Alemaña
25%
2100 Andorra
25%
2400 Bélxica
13%
No matching quizzes found
Score Distribution
Percent of People with Each Score
Percentile by Number Answered
Your Score History
You have not taken this quiz